| 000 | 00867cam a22002655a 4500 | ||
|---|---|---|---|
| 001 | 16350295 | ||
| 005 | 20161117144824.0 | ||
| 008 | 100727s2011 nyuab 001 0 eng | ||
| 010 | _a 2010028695 | ||
| 020 | _a9780071746106 (alk. paper) | ||
| 020 | _a0071746102 (alk. paper) | ||
| 040 |
_aDLC _cDLC _dBTCTA _dC#P _dYDXCP _dDLC _dEG-ScBUE |
||
| 082 | 0 | 4 |
_222 _a697.04 _bEGG |
| 100 | 1 |
_aEgg, Jay. _941668 |
|
| 245 | 1 | 0 |
_aGeothermal HVAC : _bgreen heating and cooling / _cJay Egg, Brian Clark Howard. |
| 260 |
_aNew York : _bMcGraw-Hill, _cc.2011. |
||
| 300 |
_axv, 249 p. : _bill., maps ; _c25 cm. |
||
| 500 | _aIndex : p. 814-842. | ||
| 650 | 0 |
_aGround source heat pump systems. _2BUEsh _941667 |
|
| 651 | _2BUEsh | ||
| 653 |
_bENGMEC _cMarch2015 |
||
| 653 |
_bENGGEN _cNovember2016 |
||
| 700 | 1 |
_aHoward, Brian Clark. _941666 |
|
| 942 |
_2ddc _e22 _k697.04 EGG |
||
| 999 |
_c19056 _d19028 |
||